=LDR 00000nam 2200000 4500 =001 INLIS000000000020202 =005 20230220084727 =035 ##$$a 0010-061300000020202 =008 230220###########################0###### =041 ##$$a Ind =082 ##$$a 343.099 4 =090 ##$$a 621.380 26, Mak p =100 ##$$a Makarim, Edmon =245 1#$$a Pengantar Hukum Telematika : $b Suatu Kompilasi Kajian /$c Edmon Makarim, S. Kom =260 ##$$a Jakarta :$b PT. RajaGrafindo Persada,$c 2005 =300 ##$$a xx, 682 hlm : $b ilus ; $c 23 cm =650 #4$$a Telematika-aspek hukum =850 ##$$a NBPNMAT =020 ##$$a 979-421-973-8 =084 ##$$a 343.099 4 MAK p =990 ##$$a 0001/BPAP-NTB/2016 =990 ##$$a 01201713481 =990 ##$$a 30701606